000
00291nam a2200145Ia 4500
100
_a
Deva/Rahul
650
_a
AI
942
_c
BK
245
_a
Artificial intelligence:rational approach
260
_b
Oreilly
_c
2014
082
_b
DEV
300
_a
395
546
_a
ENGLISH
999
_c
22197
_d
22197